Statistics for Biggest Cities in the European Union by Letter - W

Click here to take the quiz!

General Stats

  • This quiz has been taken 169 times
  • The average score is 7 of 20

Answer Stats

RankPopulationCountryHintCity% Correct
11,754,000PolandCapitalWarsaw
99%
2638,000PolandEuropean Capital of Culture 2016Wroclaw
81%
5253'000United KingdomSt. Peter's Collegiate Church, The WanderersWolverhampton
60%
10124,000GermanyVW headquarters, Autostadt, Die WölfeWolfsburg
52%
4276,000GermanySpa TownWiesbaden
47%
16103,000United KingdomFinal battle of the English Civil War, Lea & PerrinsWorcester
47%
3350,000GermanySuspension RailwayWuppertal
47%
7140,000United KingdomIts soccer club, The Hornets, plays in Premier LeagueWatford
33%
15106,000United KingdomRiver Douglas, FA Cup winner 2013Wigan
31%
2082,000Germany1521 diet, excommunication of Martin LutherWorms
30%
9125,000GermanyFranconia, Main River, Fortress MarienbergWürzburg
27%
6194'000United KingdomImportant crossing place for River MerseyWarrington
17%
17102,000United KingdomWest Yorkshire, PenninesWakefield
15%
1987,000United KingdomSomerset town on the Bristol ChannelWeston-super-Mare
14%
1897,000GermanyFirst private university in GermanyWitten
14%
11115,000PolandGerman: WaldenburgWałbrzych
13%
14106,000United KingdomLondon commuter belt, oldest English mosqueWoking
12%
13112,000United KingdomLarge seaside town near BrightonWorthing
12%
12112,000PolandCentral Poland on the river VistulaWłocławek
11%
8125,000NetherlandsNewly created city (in 2004), FloraHollandWestland
5%

Score Distribution

Percentile by Number Answered

Percent of People with Each Score

Your Score History

You have not taken this quiz